[Event "Asia-chT rapid (Women) 5th"]
[Site "Ashkhabad"]
[Date "2017.09.25"]
[Round "4.1"]
[White "Atikankhotchasee, Manunthon"]
[Black "Gevorgyan, Irina"]
[Result "1/2-1/2"]
[WhiteElo "1677"]
[BlackElo "2273"]
[PlyCount "121"]
[EventDate "2017.09.25"]
[EventType "team-swiss (rapid)"]
[EventRounds "5"]
[EventCountry "TKM"]
[SourceTitle "EXT 2018"]
[Source "ChessBase"]
[SourceDate "2017.10.13"]
[SourceVersion "1"]
[SourceVersionDate "2017.10.13"]
[SourceQuality "1"]
[WhiteTeam "Thailand"]
[BlackTeam "Uzbekistan"]
[WhiteTeamCountry "THA"]
[BlackTeamCountry "UZB"]

1. e4 c5 2. Nf3 e6 3. g3 Nc6 4. Bg2 Nf6 5. d3 d5 6. exd5 Nxd5 7. 0-0 Be7 8. Nbd2 0-0 9. a4 Bd7 10. Nc4 Qc7 11. Re1 Rfd8 12. h4 Be8 13. h5 h6 14. Nfe5 Nxe5 15. Nxe5 Bf8 16. Qg4 Kh8 17. Qf3 Rab8 18. Ng6+ Kg8 19. Nxf8 Kxf8 20. Rxe6 Bc6 21. Rxh6 Ne7 22. Rh8+ Ng8 23. Qf5 Bxg2 24. Kxg2 Qc6+ 25. Kg1 Qd5 26. Qxd5 Rxd5 27. h6 gxh6 28. Bxh6+ Ke7 29. Bg7 Rbd8 30. Re1+ Kd7 31. Re5 Rxe5 32. Bxe5 Re8 33. Bc3 a6 34. Kg2 b5 35. axb5 axb5 36. b4 Rc8 37. bxc5 Rxc5 38. Bb4 Rg5 39. Bd2 Rg6 40. c4 bxc4 41. dxc4 Ne7 42. Rh6 Rg8 43. Ra6 Rc8 44. Bb4 Nc6 45. Bd2 Ne5 46. Ra7+ Ke6 47. Ra6+ Kf5 48. Ra5 Ke6 49. c5 Nc4 50. Ra6+ Kd5 51. Be3 Nxe3+ 52. fxe3 Rxc5 53. Rf6 Rc7 54. Kf3 Ke5 55. Rf4 f5 56. Ra4 Rc1 57. Ra5+ Ke6 58. Ra6+ Ke5 59. Ra5+ Kf6 60. Ra6+ Kg5 61. Ra2 1/2-1/2